000 01454nam a22003737a 4500
003 CHAP
005 20220329143534.0
008 100426s2009 mx r 00010 spa d
010 _a98238
011 _a99210
035 _a109895
040 _cCHAP
090 _aTesis
100 1 _aLópez Rojas, Miguel.
_968303
245 1 0 _aProyecto agroecoturistico en la comunidad de Rancho Nuevo, San Juan Lachao, Oaxaca
_c/por Miguel López Rojas
260 _aOaxaca, Oax.. :
_bEl autor,
_c2009
300 _axiii, 135 h. :
_bilus., cuadros, gráfs.
502 _aTesis (Ing. Esp. en Zonas Tropicales) -- UACH. Dirección de centros Regionales Universitarios
530 _aTambién disponible en línea
590 _aALEPH
_b10
_c20130110
_lUCH01
_h1534
590 _aBATCH-UPD
_b10
_c20130110
_lUCH01
_h1658
590 _aBATCH-UPD
_b10
_c20130410
_lUCH01
_h1046
590 _aBATCH-UPD
_b10
_c20130914
_lUCH01
_h1733
590 _aBATCH-UPD
_b10
_c20140324
_lUCH01
_h1516
590 _aBATCH-UPD
_b10
_c20141002
_lUCH01
_h0842
590 _aCONVERSION
_b10
_c20130109
_lUCH01
_h1354
650 0 4 _aRecursos naturales
_xConservación
_xOaxaca.
_995245
650 0 4 _aTurismo
_zOaxaca.
_9115621
856 _3Finding aid
_uhttp://10.13.5.2/tesis/109895.pdf
_zTeclea aqui
901 _aBK
942 _cFOLL
949 _aTesis
_bBC
_cTES
_d33724002099751
_eTS1
_gDonaciØn
_h50410
_i109895
_sb
949 _aTesis
_bBC
_cTES
_d33724002099793
_eTS2
_fc.2
_gDonaciØn
_h50411
_i109895
_sb
999 _c98238
_d98238